Drapeaux des départements français n°1 (Métropole + DROM COM) - Statistiques

Statistiques générales
  • Ce quiz a été pris 128 fois
  • Le résultat moyen est 5 sur 18
Statistiques - réponses
Par images Réponse % Correct
Savoie
77%
Nouvelle-Calédonie
75%
Morbihan
73%
Haute-Garonne
55%
Hérault
39%
Guadeloupe
32%
Haut-Rhin
26%
Ardennes
20%
Territoire de Belfort
20%
Doubs
17%
Haute-Vienne
14%
Var
14%
Indre-et-Loire
13%
Nièvre
13%
Ain
11%
Sarthe
11%
Ardèche
7%
Lozère
7%
Aucun quiz correspondant
Distribution des résultats
% des personnes avec chaque résultat
Percentile par nombre de réponses
Votre historique - résultats
Vous n’avez pas pris ce quiz